Inflation Forecasting in Turbulent Times

Na minha lista:
Detalhes bibliográficos
Autor principal: Ertl, Martin
Outros Autores: Fortin, Ines, Hloušková, Jaroslava, 1966-, Koch, P. Sebastian, Kunst, Robert M., Sögner, Leopold
Formato: Capítulo de Livro
Idioma:inglês
Tags: Adicionar Tag
Sem tags, seja o primeiro a adicionar uma tag!

MARC

LEADER 00000naa a2200000 4500
001 0306165
005 20251212083653.1
041 0 |a eng 
044 |a NL 
245 1 0 |a Inflation Forecasting in Turbulent Times  |c Martin Ertl, Ines Fortin, Jaroslava Hloušková, P. Sebastian Koch, Robert M. Kunst, Leopold Sögner 
100 1 |a Ertl, Martin 
700 1 |a Fortin, Ines 
700 1 |a Hloušková, Jaroslava, 1966- 
700 1 |a Koch, P. Sebastian 
700 1 |a Kunst, Robert M. 
700 1 |a Sögner, Leopold